[Event "Tourn. n8386"]
[Site "www.chess-mail.com"]
[Date "2015.12.19"]
[Round "1"]
[White "Heiserman"]
[Black "Amaya"]
[WhiteElo "2130"]
[BlackElo "1990"]
[Result "1/2-1/2"]
[Round "1"]
1.d4 d5
2.c4 c6
3.cxd5 cxd5
4.Nb1c3 Ng8f6
5.Ng1f3 Bc8g4
6.Nf3e5 Bg4h5
7.Qd1a4 Nb8d7
8.Bc1g5 e6
9.Bg5xf6 gxf6
10.Ne5xd7 Qd8xd7
11.Qa4xd7 Kxd7
12.e4 Bf8b4
13.exd5 exd5
14.Bf1b5 Kd6
15.O-O Bb4xc3
16.bxc3 Ra8c8
17.Ra1c1 Rh8g8
18.g3 Bh5f3
19.Bb5d3 h5
20.c4 dxc4
21.Bd3xc4 Rg8g7
22.Bc4b3 Rc8g8
23.Rc1c3 Bf3g4
24.f3 Bg4h3
25.Rf1c1 f5
26.f4 h4
27.Kf2 hxg3
28.Rc3xg3 Rg7xg3
29.hxg3 Bh3g4
30.Bb3xf7 Rg8g7
31.Bf7b3 Rg7e7
32.Rc1e1 Re7c7
33.d5 Rc7c3
34.Re1e6 Kc5
35.d6 Kc6
36.Bb3a4 b5
37.Ba4xb5 Kxb5
38.d7 Rc3d3
39.Re6e5 Kc6
40.Re5e6 Kxd7
41.Re6a6 Rd3d2
42.Kg1 Rd2d1
43.Kf2 Rd1d2
44.Kg1 Kc8
45.Ra6xa7 Kb8
46.Ra7a3 Rd2b2
47.Ra3d3 Rb2xa2
48.Rd3d7 Kc8
49.Rd7f7 Ra2a3
50.Kf2 Ra3f3
51.Kg2 Rf3d3
52.Rf7g7 Bg4f3
53.Kf2 Bf3g4
54.Rg7h7 Rd3d7
55.Rh7h6 Kc7
56.Ke3 Rd7e7
57.Kf2 Kd7
58.Rh6b6 Re7e6
59.Rb6b7 Ke8
60.Rb7b8 Kf7
61.Rb8b2 Kf6
62.Rb2d2 Re6c6
63.Rd2a2 Ke7
64.Ra2a7 Kd6
65.Ra7a5 Rc6c5
66.Ra5a3 Kd5
67.Ke3 Rc5c4
68.Ra3a5 Rc4c5
69.Ra5a3 Rc5c4
70.Ra3a5 Kc6
71.Kd3 Rc4e4
72.Ra5a3 Kd5
73.Ra3a5 Kc6
74.Ra5a3 Kb5
75.Ra3c3 Re4e1
76.Kd4 Re1e4
77.Kd3 Kb4
78.Rc3c7 Re4e1
79.Kd4 Re1g1
80.Rc7c4 Kb3
81.Rc4c3 Kb2
82.Rc3e3 Kc2
83.Ke5 Kd2
84.Re3a3 Ke2
85.Kf6 Kf2
86.Kg5 Rg1xg3
87.Ra3a2 Kg1
88.Kf6 Rg3f3
89.Kg5 Rf3f2
90.Ra2a4 Kg2
91.Ra4a5 Kg3
92.Ra5a3 Rf2f3
93.Ra3a4 Kg2
94.Ra4a2 Kg3
95.Ra2a4 Bg4h3
96.Ra4b4 Kg2
97.Kh4 Bh3g4
98.Kg5 Rf3g3
99.Rb4b2 Kf3
100.Rb2b3 Kg2
101.Rb3b2 Kh1
102.Rb2b1 Rg3g1
103.Rb1b2 Bg4h3
104.Kf6 Rg1f1
105.Kg5 Rf1c1
106.Kh4 Bh3g2
107.Kg5 Bg2e4
108.Rb2e2 Rc1c2
109.Re2e3 Kg2
110.Re3a3 Rc2d2
111.Ra3a7 Kf3
112.Ra7a3 Be4d3
113.Ra3b3 Ke4
114.Rb3b4 Kd5
115.Kf6 Rd2c2
116.Kg5 Rc2c4
117.Rb4b5 Rc4c5
118.Rb5b3 Bd3c2
119.Rb3b8 Ke6
120.Rb8e8 Kf7
121.Re8b8 Bc2e4
122.Rb8h8 Kg7
123.Rh8d8 Rc5c2
124.Rd8d7 { draw }
1/2-1/2

[Event "Tourn. n8368"]
[Site "www.chess-mail.com"]
[Date "2015.12.19"]
[Round "1"]
[White "Darko10"]
[Black "Tartan"]
[WhiteElo "2450"]
[BlackElo "2490"]
[Result "1/2-1/2"]
[Round "1"]
1.e4 e6
2.d4 d5
3.Nb1c3 Bf8b4
4.e5 Qd8d7
5.Qd1g4 f5
6.Qg4g3 b6
7.Ng1f3 Bc8a6
8.Bf1xa6 Nb8xa6
9.O-O Bb4xc3
10.bxc3 h6
11.Nf3e1 Kf7
12.Ne1d3 Qd7a4
13.Nd3f4 g5
14.Nf4d3 Qa4xc2
15.f4 g4
16.Nd3b2 Qc2e2
17.Rf1e1 Qe2b5
18.a4 Qb5d7
19.a5 Ng8e7
20.Qg3h4 Kg8
21.axb6 axb6
22.h3 gxh3
23.Re1e3 Ne7g6
24.Qh4h5 Kg7
25.Re3xh3 c5
26.Nb2a4 Na6b8
27.Na4xb6 Ra8xa1
28.Nb6xd7 Ra1xc1
29.Kh2 Nb8xd7
30.Rh3g3 Nd7f8
31.dxc5 Kh7
32.c6 Rc1a1
33.c4 Ra1a7
34.Qh5d1 Ng6e7
35.Qd1d4 Ra7a4
36.Qd4c5 Nf8g6
37.cxd5 exd5
38.c7 Ra4c4
39.Qc5d6 Rh8g8
40.Qd6d7 Rg8g7
41.Qd7d8 Rc4c1
42.Rg3f3 Ng6h4
43.Rf3f2 Nh4g6
44.g3 h5
45.Rf2d2 h4
46.Rd2g2 hxg3
47.Rg2xg3 Rg7g8
48.Rg3g5 Rc1c2
49.Kg1 Rc2c4
50.Rg5h5 Kg7
51.Kh2 Rg8f8
52.Rh5h4 Rc4c2
53.Kg1 Rc2c1
{ draw }
1/2-1/2

[Event "Tourn. n8463"]
[Site "www.chess-mail.com"]
[Date "2015.12.19"]
[Round "1"]
[White "Naujzaid"]
[Black "Guidom"]
[WhiteElo "1870"]
[BlackElo "2090"]
[Result "1/2-1/2"]
[Round "1"]
1.d4 d5
2.c4 e6
3.Nb1c3 dxc4
4.e3 Bf8b4
5.Bf1xc4 Ng8f6
6.Ng1f3 O-O
7.O-O Nb8d7
8.a3 Bb4xc3
9.bxc3 Nd7b6
10.Bc4d3 c6
11.e4 h6
12.Qd1e2 Nf6d7
13.e5 Qd8e7
14.Qe2e4 f5
15.Qe4e2 c5
16.a4 cxd4
17.cxd4 Qe7f7
18.a5 Nb6d5
19.Bd3c4 Nd5e7
20.d5 Nd7b8
21.d6 Ne7c6
22.Bc1b2 Nb8d7
23.Rf1c1 a6
24.Nf3e1 Rf8e8
25.f4 g5
26.Ne1d3 g4
27.Qe2e3 h5
28.Nd3c5 Nd7xc5
29.Qe3xc5 Bc8d7
30.Qc5b6 Ra8b8
31.Qb6e3 Re8c8
32.Bb2d4 Nc6xd4
33.Qe3xd4 Bd7c6
34.Ra1b1 Qf7d7
35.Rb1b6 Bc6e4
36.Rc1c3 Kf7
37.Bc4d3 Be4xd3
38.Qd4xd3 Rc8xc3
39.Qd3xc3 Rb8c8
40.Qc3b2 Rc8b8
41.Rb6xa6 Qd7a4
42.Ra6a7 Qa4e4
43.g3 Qe4e1
44.Kg2 Qe1e4
45.Kg1 { draw }
1/2-1/2

[Event "Match"]
[Site "www.echecsemail.com"]
[Date "2015.12.19"]
[Round "1"]
[White "Avg"]
[Black "Tldarr"]
[WhiteElo "1499"]
[BlackElo "1499"]
[Result "1-0"]
[Round "1"]
1.f4 Ng8h6
2.d4 e6
3.e4 d5
4.exd5 Qd8xd5
5.Nb1c3 Qd5f5
6.Bf1d3 Qf5xf4
7.Bc1xf4 a6
8.Bf4xc7 Nb8c6
9.Ng1f3 Nh6g4
10.d5 exd5
11.Nc3xd5 Bf8c5
12.Qd1e2 Bc8e6
13.Bc7b6 O-O
14.Qe2e4 Ng4f6
15.Nd5xf6 gxf6
16.Qe4xh7 
1-0

[Event "Match"]
[Site "www.echecsemail.com"]
[Date "2015.12.19"]
[Round "1"]
[White "Ztornad"]
[Black "Guidom"]
[WhiteElo "1730"]
[BlackElo "2100"]
[Result "0-1"]
[Round "1"]
1.Nb1c3 e5
2.a3 d5
3.e4 d4
4.Nc3d5 c6
5.Nd5b4 a5
6.Nb4d3 Bf8d6
7.c4 Ng8f6
8.Qd1a4 Nf6xe4
9.f3 Qd8h4
10.g3 Ne4xg3
11.Ng1h3 Ng3xh1
12.Ke2 Bc8xh3
13.Qa4d1 Bh3xf1
14.Qd1xf1 Qh4xh2
15.Kd1 Nh1g3
16.Qf1e1 Ng3f5
17.Nd3f2 Qh2g3
18.Qe1e2 Nb8d7
19.Nf2e4 Qg3g6
20.d3 O-O
21.Kc2 b5
22.Ne4xd6 Nf5xd6
23.b3 Nd7c5
24.Bc1d2 bxc4
25.bxc4 Nd6xc4
26.Bd2e1 Nc4e3
27.Kb2 Rf8b8
28.Kc1 Nc5xd3
29.Qe2xd3 Qg6xd3
 { time }
0-1

[Event "Match"]
[Site "www.echecsemail.com"]
[Date "2015.12.19"]
[Round "1"]
[White "Jackbauer"]
[Black "Llord"]
[WhiteElo "1399"]
[BlackElo "1870"]
[Result "1-0"]
[Round "1"]
1.e4 e5
2.f4 Nb8c6
3.Ng1f3 d6
4.h3 exf4
5.d4 Ng8f6
6.Nb1c3 a6
7.Bc1xf4 Bf8e7
8.Bf1c4 O-O
9.O-O Nf6h5
10.Bf4h2 Be7h4
11.d5 Nc6a5
12.Bc4e2 Bh4g3
13.a3 b5
14.b4 Na5c4
15.Be2xc4 bxc4
16.Kh1 Bg3xh2
17.Kxh2 Qd8f6
18.Qd1d2 Qf6g6
19.Qd2g5 Qg6xg5
20.Nf3xg5 h6
21.Ng5f3 Bc8d7
22.Nf3d2 Rf8e8
23.Nd2xc4 Bd7b5
24.Nc3xb5 axb5
25.Nc4d2 Nh5f6
26.Rf1e1 Ra8c8
27.a4 bxa4
28.Ra1xa4 Nf6xd5
29.b5 Nd5b6
30.Ra4a3 d5
31.e5 Nb6d7
32.Nd2f3 Rc8b8
33.Ra3a5 Nd7b6
34.Ra5a7 Rb8c8
35.c3 c6
36.Nf3d4 Nb6c4
37.Nd4xc6 Kf8
38.Re1e2 f6
39.Re2f2 Nc4xe5
40.Nc6xe5 Re8xe5
41.Rf2a2 Rc8b8
42.Ra7a8 Rb8xa8
43.Ra2xa8 Kf7
44.b6 { resign }
1-0

[Event "Match"]
[Site "www.echecsemail.com"]
[Date "2015.12.19"]
[Round "1"]
[White "Bojan"]
[Black "Mitja"]
[WhiteElo "2010"]
[BlackElo "1900"]
[Result "1-0"]
[Round "1"]
1.e4 d5
2.exd5 Qd8xd5
3.Nb1c3 Qd5d8
4.g3 e6
5.Bf1g2 c6
6.a3 Ng8f6
7.d3 Nb8d7
8.Ng1f3 Nd7b6
9.b3 h6
10.Bc1e3 Nb6d5
11.Be3d2 Nd5xc3
12.Bd2xc3 Nf6d5
13.Bc3b2 Nd5f6
14.Qd1d2 Bf8e7
15.c4 Be7d6
16.O-O O-O
17.Rf1e1 Bd6c7
18.Ra1d1 b6
19.h3 Bc8b7
20.Nf3e5 Bc7xe5
21.Bb2xe5 Qd8e7
22.b4 Nf6d7
23.Be5f4 Qe7f6
24.d4 Ra8c8
25.Re1e3 Bb7a8
26.a4 a6
27.Bg2e4 Rf8d8
28.Re3f3 Qf6e7
29.Bf4xh6 gxh6
30.Qd2xh6 Nd7f6
31.Rf3xf6 { resign }
1-0

[Event "Match"]
[Site "www.echecsemail.com"]
[Date "2015.12.19"]
[Round "1"]
[White "Carlosto"]
[Black "Rocio"]
[WhiteElo "1420"]
[BlackElo "1990"]
[Result "1-0"]
[Round "1"]
1.d4 d5
2.e3 Nb8c6
3.Bf1b5 Bc8d7
4.Ng1f3 Ng8f6
5.Nb1c3 e6
6.O-O Bf8d6
7.Rf1e1 O-O
8.e4 dxe4
9.Nc3xe4 Bd6e7
10.c3 a6
11.Ne4xf6 Be7xf6
12.Nf3e5 Nc6xe5
13.dxe5 Bd7xb5
14.exf6 Qd8xf6
15.Qd1g4 Ra8d8
16.Bc1g5 Qf6g6
17.f3 Rd8d6
18.Bg5e7 Qg6xg4
19.fxg4 Rd6d2
20.Be7xf8 Kxf8
21.b3 Bb5c6
22.Re1d1 Rd2xg2
23.Kf1 Rg2xh2
24.Rd1d8 Ke7
25.Ra1d1 Rh2xa2
26.Rd8c8 Bc6f3
27.Rc8xc7 Kf6
28.Rd1d4 Bf3e2
29.Kf2 Be2xg4
30.Kg3 Bg4f5
31.Rc7xb7  { time }
1-0

[Event "Match"]
[Site "www.echecsemail.com"]
[Date "2015.12.19"]
[Round "1"]
[White "Schwiizer"]
[Black "Ostapbender"]
[WhiteElo "2770"]
[BlackElo "2780"]
[Result "1-0"]
[Round "1"]
1.e4 e6
2.d4 d5
3.Nb1c3 Bf8b4
4.exd5 exd5
5.Bf1d3 Nb8c6
6.a3 Bb4xc3
7.bxc3 Ng8f6
8.Ng1e2 O-O
9.O-O Rf8e8
10.Ne2g3 Nc6a5
11.Bc1f4 Na5c4
12.h3 c6
13.Qd1f3 h6
14.a4 a5
15.Ra1b1 Qd8e7
16.Rb1e1 Qe7xe1
17.Rf1xe1 Re8xe1
18.Kh2 Nf6e8
19.Bd3xc4 dxc4
20.d5 Bc8d7
21.Bf4e3 cxd5
22.Qf3xd5 Bd7xa4
23.Qd5xb7 Ra8d8
24.Qb7b2 Rd8d5
25.Qb2a2 Ba4d7
26.Qa2xc4 Rd5d6
27.Qc4c5 a4
28.Qc5a7  { time }
1-0

[Event "Match"]
[Site "www.echecsemail.com"]
[Date "2015.12.19"]
[Round "1"]
[White "Calponas"]
[Black "Andychesston"]
[WhiteElo "2040"]
[BlackElo "2020"]
[Result "1-0"]
[Round "1"]
1.e4 e5
2.Ng1f3 Nb8c6
3.Bf1b5 d6
4.d4 a6
5.Bb5a4 Bf8e7
6.h3 b5
7.Ba4b3 Bc8b7
8.c3 Ng8f6
9.d5 Nc6a5
10.Bb3c2 O-O
11.Nb1d2 Na5c4
12.O-O c6
13.dxc6 Bb7xc6
14.Rf1e1 Qd8c7
15.b3 Nc4xd2
16.Bc1xd2 d5
17.exd5 Bc6xd5
18.Qd1e2 e4
19.Nf3d4 Ra8e8
20.Ra1c1 Qc7b7
21.c4 Be7c5
22.cxd5 Bc5xd4
23.Bd2b4 Qb7b6
24.Re1f1 Nf6xd5
25.Bb4xf8 Kxf8
26.Bc2xe4 Nd5c3
27.Qe2f3 Nc3xe4
28.Rc1c2 Ne4g5
29.Qf3g3 h6
30.h4 Ng5e4
31.Qg3d3 Qb6f6
32.Rc2e2 g5
33.Re2xe4 Re8d8
34.Qd3f3 Qf6xf3
35.gxf3 Bd4f6
36.hxg5 hxg5
37.Rf1e1 Rd8d2
38.Re1e2 Rd2xe2
39.Re4xe2 Bf6e7
40.Kg2 f5
41.Re2e6 a5
42.Re6e5 f4
43.Re5xb5 Be7d8
44.Kh3 Ke8
45.Kg4 Kd7
46.Rb5xg5 Bd8xg5
47.Kxg5 Ke6
48.Kxf4 Kf6
49.Ke4 Ke6
50.f4 Kd6
51.f5 Ke7
52.Ke5 Kf7
53.a3 Ke7
54.f6 Kf7
55.Kf5 a4
56.b4 Kg8
57.Ke6 Kf8
58.f7 Kg7
59.Ke7 Kh8
60.f8Q Kh7
61.Qf8f3 Kh8
62.Kf7 Kh7
63.Qf3h1 
1-0

[Event "Match"]
[Site "www.echecsemail.com"]
[Date "2015.12.19"]
[Round "1"]
[White "Acucar1"]
[Black "Forest"]
[WhiteElo "1690"]
[BlackElo "1570"]
[Result "1-0"]
[Round "1"]
1.e4 e5
2.Ng1f3 d6
3.d4 exd4
4.Nf3xd4 g6
5.Bf1c4 Bf8g7
6.Nb1c3 h6
7.Ra1b1 Ng8e7
8.O-O O-O
9.f4 Nb8c6
10.Bc1e3 Nc6xd4
11.Be3xd4 Bg7xd4
12.Qd1xd4 Ne7c6
13.Qd4e3 Kg7
14.Nc3d5 Rf8e8
15.Qe3c3 Kf8
16.Qc3h8 { resign }
1-0

[Event "Match"]
[Site "www.echecsemail.com"]
[Date "2015.12.19"]
[Round "1"]
[White "Genius7"]
[Black "Chapi"]
[WhiteElo "1840"]
[BlackElo "2050"]
[Result "0-1"]
[Round "1"]
1.c4 g6
2.g3 Bf8g7
3.Bf1g2 Ng8f6
4.d4 O-O
5.e4 c6
6.Ng1e2 d5
7.e5 Nf6g4
8.cxd5 cxd5
9.O-O Nb8c6
10.Nb1c3 Bc8f5
11.h3 Ng4h6
12.Nc3xd5 Bf5e6
13.Ne2f4 Be6f5
14.Bc1e3 f6
15.exf6 exf6
16.g4 Bf5d7
17.Nf4d3 f5
18.g5 Nh6f7
19.Nd3c5 Bd7c8
20.Ra1c1 Nf7xg5
21.Qd1d2 Ng5xh3
22.Kh2 f4
{ resign }
0-1

[Event "Match"]
[Site "www.echecsemail.com"]
[Date "2015.12.19"]
[Round "1"]
[White "Chapi"]
[Black "Kacuk"]
[WhiteElo "2030"]
[BlackElo "1860"]
[Result "1/2-1/2"]
[Round "1"]
1.d4 Ng8f6
2.c4 g6
3.Nb1c3 d5
4.Ng1f3 Bf8g7
5.cxd5 Nf6xd5
6.e4 Nd5xc3
7.bxc3 c5
8.Bf1c4 O-O
9.O-O cxd4
10.cxd4 Nb8c6
11.Bc1b2 Bc8g4
12.Bc4e2 Bg4xf3
13.Be2xf3 Nc6xd4
14.Ra1b1 Ra8c8
15.Bb2xd4 Qd8xd4
16.Qd1xd4 Bg7xd4
17.Rb1xb7 e5
18.Rf1d1 Rc8c2
19.a4 Rf8c8
20.h3 Rc2c4
21.Bf3g4 Rc8c6
22.Bg4d7 Rc6c7
23.Rb7xc7 Rc4xc7
24.Bd7b5 Rc7c2
25.Rd1f1 Rc2a2
{ draw }
1/2-1/2

[Event "Match"]
[Site "www.echecsemail.com"]
[Date "2015.12.19"]
[Round "1"]
[White "Drdoom"]
[Black "Forest"]
[WhiteElo "1710"]
[BlackElo "1570"]
[Result "0-1"]
[Round "1"]
1.e4 d6
2.d4 Ng8f6
3.Bf1d3 e5
4.d5 Bf8e7
5.c4 O-O
6.h3 c6
7.Nb1c3 cxd5
8.cxd5 Nb8d7
 { time }
0-1

[Event "Match"]
[Site "www.echecsemail.com"]
[Date "2015.12.19"]
[Round "1"]
[White "Dulap"]
[Black "Canario"]
[WhiteElo "1730"]
[BlackElo "1830"]
[Result "1-0"]
[Round "1"]
1.e4 e5
2.Ng1f3 Nb8c6
3.Bf1c4 h6
4.d4 exd4
5.Nf3xd4 Nc6xd4
6.Qd1xd4 d6
7.Nb1c3 Qd8f6
8.Bc1e3 Qf6xd4
9.Be3xd4 c5
10.Bd4e3 Ng8f6
11.O-O-O Bc8d7
12.Be3f4 b5
13.Bc4xb5 Ra8b8
14.Bb5xd7 Nf6xd7
15.Bf4xd6 Bf8xd6
16.Rd1xd6 Nd7f6
17.Rh1d1 O-O
18.Rd6c6 Rf8c8
19.Rd1d6 Rc8e8
20.f3 Re8e5
21.f4 Re5e8
22.e5 Nf6h5
23.g3 g6
24.Rc6xc5 Nh5g7
25.Rc5c7 Ng7f5
26.Rd6d7 a6
27.Rd7xf7 Re8d8
28.Rc7a7 Nf5d4
29.Rf7d7 Nd4f3
30.Rd7g7 Kh8
31.Rg7xg6 Rd8d2
32.Rg6xh6 Kg8
33.Ra7xa6 Nf3xh2
34.Kxd2 Nh2g4
35.Rh6g6 { resign }
1-0

[Event "Fast Game"]
[Site "www.echecsemail.com"]
[Date "2015.12.19"]
[Round "1"]
[White "Jhw"]
[Black "Skarr"]
[WhiteElo "1750"]
[BlackElo "1599"]
[Result "0-1"]
[Round "1"]
1.c4 e6
2.e3 d5
3.Ng1f3 c5
4.d4 Ng8f6
5.Nb1c3 a6
6.Bc1d2 Nb8c6
7.cxd5 exd5
8.g3 Bc8g4
9.h3 Bg4xf3
10.Qd1xf3 cxd4
11.exd4 Nc6xd4
12.Qf3e3 Nd4e6
13.O-O-O d4
14.Qe3f3 dxc3
15.Bd2xc3 Qd8c7
16.g4 Bf8b4
{ time. }
0-1

[Event "Tourn. n8479"]
[Site "www.chess-mail.com"]
[Date "2015.12.20"]
[Round "1"]
[White "Gatrooper"]
[Black "Forest"]
[WhiteElo "1560"]
[BlackElo "1570"]
[Result "1-0"]
[Round "1"]
1.e4 e5
2.a3 Nb8c6
3.Ng1f3 Ng8f6
4.Nb1c3 Bf8e7
5.h3 d6
6.Bf1b5 O-O
7.Bb5xc6 bxc6
8.d3 c5
9.Nc3b5 c6
10.Nb5c3 Qd8c7
11.Bc1d2 Ra8b8
12.Nf3g5 h6
13.Ng5f3 Rb8xb2
14.O-O Rb2b8
{ time. }
1-0

[Event "Tourn. n8489"]
[Site "www.chess-mail.com"]
[Date "2015.12.20"]
[Round "1"]
[White "Osopanda"]
[Black "Louis"]
[WhiteElo "1810"]
[BlackElo "1830"]
[Result "0-1"]
[Round "1"]
1.c4 c5
2.Ng1f3 Nb8c6
3.d4 cxd4
4.Nf3xd4 Ng8f6
5.Nb1c3 e6
6.e4 Bf8b4
7.a3 Bb4xc3
8.bxc3 Qd8a5
9.Nd4b5 O-O
10.Nb5d6 Qa5xc3
11.Bc1d2 Qc3e5
12.Bd2e3 Nf6xe4
13.Nd6xe4 Qe5xe4
14.Bf1e2 Qe4xg2
15.Be2f3 Qg2g6
16.Ke2 Qg6f6
17.Ra1b1 Nc6e5
18.Bf3e4 d5
19.cxd5 exd5
20.Qd1xd5 Bc8e6
21.Qd5xb7 Be6c4
22.Kd2 Rf8d8
23.Kc2 Bc4d3
{ resign }
0-1

[Event "Tourn. n8486"]
[Site "www.chess-mail.com"]
[Date "2015.12.20"]
[Round "1"]
[White "Cristiano"]
[Black "Norlavuaram"]
[WhiteElo "2180"]
[BlackElo "2270"]
[Result "1-0"]
[Round "1"]
1.f4 c5
2.e4 Nb8c6
3.Ng1f3 g6
4.c3 Bf8g7
5.Bf1c4 d6
6.h3 Ng8f6
7.d3 O-O
8.Bc1e3 a6
9.a3 b5
10.Bc4a2 Bc8b7
11.Nb1d2 Ra8c8
12.Ra1c1 e5
13.f5 Qd8e7
14.fxg6 hxg6
15.Be3g5 Qe7d7
16.g4 Nf6h7
17.Bg5e3 Nc6e7
18.g5 d5
19.Rh1h2 d4
20.cxd4 cxd4
21.Be3f2 Rc8xc1
22.Qd1xc1 Rf8c8
23.Qc1d1 Qd7c6
24.Nd2b3 Qc6c2
25.Bf2g3 Qc2xd1
26.Kxd1 Ne7c6
27.Rh2c2 Bg7f8
28.Nb3c5 Nc6d8
29.Nc5d7 Rc8xc2
30.Kxc2 Bf8e7
31.h4 Nd8c6
32.b4 Nh7f8
33.Nd7b6 Be7d6
34.Nb6d5 Nf8d7
35.Bg3e1 Nc6e7
36.Be1g3 Ne7xd5
37.Ba2xd5 Bb7c8
38.Nf3xd4 Bd6xb4
39.axb4 Kf8
40.Nd4f3 { resign }
1-0

[Event "Tourn. n8441"]
[Site "www.chess-mail.com"]
[Date "2015.12.20"]
[Round "1"]
[White "Gatrooper"]
[Black "Kevinking"]
[WhiteElo "1630"]
[BlackElo "1530"]
[Result "0-1"]
[Round "1"]
1.e4 c5
2.c4 e5
3.d3 d6
4.h3 Ng8f6
5.Ng1f3 Nb8c6
6.Bc1g5 Bf8e7
7.Bg5xf6 Be7xf6
8.a3 Bc8e6
9.Nb1c3 O-O
10.g4 a6
11.g5 Bf6xg5
12.h4 Bg5f6
13.h5 Ra8b8
14.Rh1g1 Qd8d7
15.h6 g6
16.Qd1e2 Be6g4
17.O-O-O Bf6g5
18.Kb1 Bg5xh6
19.Bf1g2 Nc6d4
20.Rg1h1 Bh6g7
21.Qe2e1 Bg4xf3
22.Bg2xf3 Nd4xf3
23.Qe1e3 Nf3d4
24.Nc3e2 b5
25.Ne2xd4 cxd4
26.Qe3g3 bxc4
27.dxc4 Qd7b7
28.Rd1d2 Qb7b3
29.f3 Qb3xa3
30.Rh1h2 Qa3b3
31.Qg3h3 h6
32.Qh3d7 Qb3xc4
33.Rd2c2 Qc4f1
34.Rc2c1 Qf1xf3
35.Rh2h1 Qf3xe4
36.Ka1 Rf8d8
37.Qd7h3 Qe4b7
38.Rh1h2 e4
39.Rc1c4 d3
40.Qh3g2 e3
41.Qg2xb7 Rb8xb7
42.Kb1 e2
43.Rc4e4 Bg7xb2
44.Rh2f2 Bb2d4
45.Ka2 Bd4xf2
46.Ka3 e1Q
47.Re4xe1 Bf2xe1
48.Ka4 d2
{ resign }
0-1

[Event "Tourn. n8510"]
[Site "www.chess-mail.com"]
[Date "2015.12.20"]
[Round "1"]
[White "Heiserman"]
[Black "Xkafi"]
[WhiteElo "2150"]
[BlackElo "2000"]
[Result "1-0"]
[Round "1"]
1.c4 e5
2.Nb1c3 Bf8c5
3.d3 Ng8f6
4.e4 Nb8c6
5.Ng1f3 d6
6.g3 Nf6g4
7.Bc1e3 Bc5xe3
8.fxe3 Ng4xe3
9.Qd1d2 Ne3xf1
10.Rh1xf1 Bc8h3
11.Rf1f2 h6
12.O-O-O Bh3g4
13.Nc3d5 Nc6d4
14.Nf3xd4 Bg4xd1
15.Nd4b5 Bd1h5
16.Nb5xc7 Kd7
17.Qd2b4 Ra8b8
18.Qb4a4 Kc8
19.Qa4xa7 Qd8g5
20.Kb1 Qg5g4
21.b4 Qg4d1
22.Kb2 Qd1xd3
23.Nc7b5 Kd7
24.Qa7b6 Ke8
25.Qb6xd6 { resign }
1-0

[Event "Tourn. n8544"]
[Site "www.chess-mail.com"]
[Date "2015.12.20"]
[Round "1"]
[White "Caspito"]
[Black "Karpawn"]
[WhiteElo "1780"]
[BlackElo "1659"]
[Result "0-1"]
[Round "1"]
1.e4 c5
2.c3 Ng8f6
3.Qd1f3 Nb8c6
4.Bf1c4 Nc6e5
5.Bc4xf7 Ne5xf7
6.d4 cxd4
7.cxd4 e5
8.d5 Bf8b4
9.Nb1c3 O-O
10.Ng1e2 b6
11.O-O Bc8a6
12.Bc1g5 Nf7xg5
{ resign }
0-1

[Event "Tourn. n8518"]
[Site "www.chess-mail.com"]
[Date "2015.12.20"]
[Round "1"]
[White "Mitja"]
[Black "Attatroll"]
[WhiteElo "1900"]
[BlackElo "1920"]
[Result "1-0"]
[Round "1"]
1.d4 Ng8f6
2.e3 g6
3.h3 Bf8g7
4.Ng1f3 d6
5.c3 O-O
6.Bf1e2 Nb8c6
7.O-O a6
8.Nb1d2 e5
9.dxe5 dxe5
10.Nd2b3 b6
11.Bc1d2 Bc8e6
12.Qd1c1 Nf6d5
13.Rf1d1 Qd8e7
14.Nf3h2 Ra8d8
15.e4 Nd5f6
16.f3 Nf6h5
17.Nh2f1 Qe7h4
18.Bd2g5 Nh5g3
19.Nf1xg3 Qh4xg3
20.Bg5xd8 Be6xh3
21.Qc1g5 Qg3xg2
22.Qg5xg2 Bh3xg2
23.Kxg2 Nc6xd8
24.Be2xa6 Nd8e6
25.Kf2 Ne6f4
26.Rd1d7 f5
27.exf5 gxf5
28.Ra1d1 Bg7f6
29.Rd1h1 h5
30.Ba6c4 Kh8
31.Bc4f7 Nf4d3
32.Ke3 Nd3f4
33.Bf7xh5 Nf4xh5
34.Rh1xh5 Kg8
35.Rh5xf5 { resign }
1-0

[Event "Tourn. n8461"]
[Site "www.chess-mail.com"]
[Date "2015.12.20"]
[Round "1"]
[White "Iko"]
[Black "Dulap"]
[WhiteElo "1710"]
[BlackElo "1619"]
[Result "0-1"]
[Round "1"]
1.e4 e5
2.Ng1f3 Nb8c6
3.Bf1b5 a6
4.Bb5xc6 dxc6
5.Nf3xe5 Qd8d4
6.Qd1h5 Qd4xe4
7.Kd1 g6
8.Rh1e1 Qe4xe1
9.Kxe1 gxh5
10.d4 Bf8g7
11.f4 Bc8f5
12.c3 Bg7xe5
13.fxe5 O-O-O
14.Bc1g5 Rd8e8
15.Nb1a3 h6
16.Bg5f4 f6
17.Na3c4 b5
18.Nc4a5 Kd7
19.Na5b7 fxe5
20.Bf4xe5 Rh8h7
21.O-O-O Ng8e7
22.Nb7c5 Kc8
23.Nc5xa6 Kb7
24.Na6xc7 Re8g8
25.g3 Ne7d5
26.Nc7xd5 cxd5
27.Rd1f1 Bf5h3
28.Rf1f5 Bh3xf5
29.b3 h4
30.gxh4 Rg8g2
31.a4 bxa4
32.bxa4 Rg2c2
33.Kd1 Rc2xc3
34.Kd2 Rc3a3
35.Ke2 Ra3xa4
36.Ke3 Rh7e7
37.Kf4 Bf5e4
38.Kg4 Kc6
39.Kh5 Re7h7
40.Be5f6 Kb5
41.Bf6e5 Kb4
42.Kg4 Kc3
43.Kf4 Ra4xd4
44.Be5xd4 Kxd4
45.h3 Rh7g7
46.h5 Rg7g5
47.h4 Rg5xh5
48.Kg4 Rh5f5
49.h5 Ke3
50.Kh4 d4
51.Kg3 d3
52.Kh3 d2
53.Kh2 d1Q
54.Kg3 Rf5g5
55.Kh4 Qd1g4

0-1

[Event "Tourn. n8405"]
[Site "www.chess-mail.com"]
[Date "2015.12.20"]
[Round "1"]
[White "Andychesston"]
[Black "Xkafi"]
[WhiteElo "2040"]
[BlackElo "2030"]
[Result "1-0"]
[Round "1"]
1.e4 e5
2.Ng1f3 Nb8c6
3.d4 exd4
4.Nf3xd4 Nc6xd4
5.Qd1xd4 Qd8h4
6.Bc1e3 d6
7.Nb1d2 Bc8g4
8.g3 Qh4h5
9.Bf1g2 Bg4e2
10.f3 Be2a6
11.g4 Qh5h4
12.Be3f2 Qh4g5
13.h4 Qg5f4
14.O-O-O Ng8e7
15.Bf2e3 Qf4e5
16.Qd4a4 Ne7c6
17.f4 Qe5b5
18.Qa4a3 d5
19.Qa3c3 d4
20.Be3xd4 Bf8b4
21.Qc3e3 O-O-O
22.Bd4xg7 Rh8g8
23.Bg7f6 Rd8d7
24.Bg2h3 Kb8
25.g5 Bb4c5
26.Qe3f3 Rd7d6
27.e5 Rd6xf6
28.gxf6 Nc6d4
29.Qf3e4 Qb5a4
30.Kb1 Rg8d8
31.c3 Qa4b5
32.cxd4 Bc5xd4
33.Nd2b3 c5
34.Nb3xd4 cxd4
35.Qe4xh7 Qb5d5
36.Rh1g1 d3
37.Rg1g8 Ba6c4
38.b3 Bc4xb3
39.Rg8xd8 Kc7
40.Rd8xd5 { resign }
1-0

[Event "Tourn. n8481"]
[Site "www.chess-mail.com"]
[Date "2015.12.20"]
[Round "1"]
[White "Mitja"]
[Black "Chiccogianca"]
[WhiteElo "2040"]
[BlackElo "2040"]
[Result "1-0"]
[Round "1"]
1.d4 b6
2.e3 Bc8b7
3.Ng1f3 g6
4.c3 Bf8g7
5.Nb1d2 e6
6.Nd2b3 d6
7.Bf1e2 Ng8e7
8.Nb3d2 Nb8d7
9.Nd2b3 O-O
10.O-O a6
11.Qd1c2 b5
12.Nb3d2 h6
13.h3 c5
14.dxc5 dxc5
15.b3 Qd8c7
16.Bc1b2 Rf8d8
17.Rf1d1 Nd7f6
18.Nd2f1 Rd8xd1
19.Ra1xd1 Ra8d8
20.Rd1xd8 Qc7xd8
21.Nf3h2 h5
22.Nh2f3 Ne7c6
23.a3 Nf6h7
24.c4 b4
25.a4 Bg7xb2
26.Qc2xb2 a5
27.Nf3e5 Nh7f6
28.Nf1g3 Qd8d6
29.Ne5xc6 Bb7xc6
30.Qb2xf6 Qd6d2
31.Qf6a1 Qd2c2
32.Be2d1 Qc2d2
33.Qa1b1 h4
34.Ng3f1 Qd2d6
35.Qb1c2 Qd6e5
36.Nf1h2 Bc6e4
37.Qc2d2 Qe5g5
38.Nh2f3 Qg5h6
39.Qd2d6 g5
40.Nf3e5 { resign }
1-0

[Event "Match"]
[Site "www.echecsemail.com"]
[Date "2015.12.20"]
[Round "1"]
[White "Jaguar91"]
[Black "Pinehill"]
[WhiteElo "2080"]
[BlackElo "2100"]
[Result "1-0"]
[Round "1"]
1.e4 d5
2.exd5 Ng8f6
3.Ng1f3 Qd8xd5
4.Nb1c3 Qd5a5
5.d4 c6
6.Bf1c4 Bc8f5
7.O-O e6
8.Rf1e1 Bf8b4
9.Bc1d2 Nb8d7
10.a3 Bb4xc3
11.Bd2xc3 Qa5c7
12.Nf3h4 Bf5g4
13.Qd1d3 O-O-O
14.b4 Nf6d5
15.Bc3d2 h6
16.h3 Bg4h5
17.Nh4f3 g5
18.Bc4b3 Bh5g6
19.Qd3e2 Nd7f6
20.c4 Nd5f4
21.Qe2e3 Nf6e4
22.d5 Ne4xd2
23.Qe3xd2 Bg6f5
24.Nf3d4 Bf5g6
25.Qd2e3 Kb8
26.dxc6 bxc6
27.Bb3a4 c5
28.Nd4c6 Kc8
29.Qe3xc5 Nf4d3
30.Nc6xa7 Kb7
31.Qc5xc7 Kxc7
32.Na7b5 Kb7
33.Re1d1 Nd3b2
34.Rd1xd8 Rh8xd8
35.Ba4b3 Bg6d3
36.Ra1c1 Kb6
37.a4 Bd3g6
38.a5 Kb7
39.Bb3c2 Bg6xc2
40.Rc1xc2 Nb2d3
41.Rc2d2 Rd8d7
42.Nb5c3 Nd3e5
43.Rd2xd7 Ne5xd7
44.b5 Nd7c5
45.a6 Nc5xa6
46.bxa6 Kxa6
47.c5 Kb7
48.Kf1 Kc6
49.Nc3a4 f5
50.Ke2 e5
51.Ke3 Kb5
52.g4 { resign }
1-0

[Event "Match"]
[Site "www.echecsemail.com"]
[Date "2015.12.20"]
[Round "1"]
[White "Darknight"]
[Black "Acucar1"]
[WhiteElo "1630"]
[BlackElo "1770"]
[Result "0-1"]
[Round "1"]
1.e4 e5
2.Bf1c4 Ng8f6
3.d3 d6
4.h3 Nb8c6
5.c3 Bf8e7
6.Bc1e3 d5
7.exd5 Nf6xd5
8.a3 Nd5xe3
9.fxe3 Be7h4
10.Kd2 e4
11.d4 Qd8g5
12.Qd1f1 O-O
13.Qf1e2 Bc8e6
14.Bc4a2 Nc6a5
15.c4 Na5xc4
16.Ba2xc4 Be6xc4
17.Qe2g4 Bh4e1
18.Kxe1 Qg5xe3
19.Ng1e2 f5
20.Nb1c3 fxg4
21.hxg4 Bc4xe2
22.Nc3xe2 Rf8f2
23.Rh1h3 Qe3xe2

0-1

[Event "Match"]
[Site "www.echecsemail.com"]
[Date "2015.12.20"]
[Round "1"]
[White "Forest"]
[Black "Hundegana"]
[WhiteElo "1570"]
[BlackElo "1960"]
[Result "0-1"]
[Round "1"]
1.d4 c5
2.d5 d6
3.c4 g6
4.Nb1c3 a6
5.e4 Bf8g7
6.Bf1e2 Nb8d7
7.Ng1f3 Ng8f6
8.O-O O-O
9.Qd1c2 Nd7e5
10.Nf3xe5 dxe5
11.Bc1e3 b6
12.Qc2d2 Nf6e8
13.f4 { time. }
0-1

[Event "Match"]
[Site "www.echecsemail.com"]
[Date "2015.12.20"]
[Round "1"]
[White "Guidom"]
[Black "Kacuk"]
[WhiteElo "2050"]
[BlackElo "1860"]
[Result "1/2-1/2"]
[Round "1"]
1.e4 c5
2.Ng1f3 d6
3.c4 Nb8c6
4.Nb1c3 Ng8f6
5.d3 e5
6.Bc1g5 Bf8e7
7.Bf1e2 O-O
8.O-O Bc8e6
9.h3 Nc6d4
10.Bg5xf6 Be7xf6
11.Nc3d5 b6
12.Nd5xf6 Qd8xf6
13.Nf3xd4 cxd4
14.Qd1d2 Ra8c8
15.f4 exf4
16.Rf1xf4 Qf6g5
17.Ra1f1 Be6xh3
18.Be2d1 Bh3e6
19.Qd2f2 Rc8c5
20.b4 Rc5e5
21.Bd1a4 f5
22.Ba4c6 Rf8f6
23.a4 Rf6h6
24.Qf2f3 Rh6g6
25.Rf1f2 Qg5g3
{ draw }
1/2-1/2